Statistics for Bow Wow Filmography

Click here to take the quiz!

General Stats

  • This quiz has been taken 7 times
    (2 since last reset)
  • The average score is 3 of 38

Answer Stats

TypeYearName% Correct
Film2002Like Mike
100%
TV Show2015-2016CSI: Cyber
50%
Film2010Lottery Ticket
50%
Film2005Roll Bounce
50%
Film2011Tyler Perry's Madea's Big Happy Family
50%
TV Show2000-2014106 & Park
0%
TV Show2022AEW Dynamite
0%
TV Show2022After Happily Ever After
0%
Film2002All About the Benjamins
0%
Film2012Allegiance
0%
TV Show2010-2012Are We There Yet?
0%
TV Film2005Bow
0%
TV Special2008Bow Wow: Live from Sommet Center, Nashville
0%
TV Film2001Carmen: A Hip Hopera
0%
TV Show2023Celebrity Game Face
0%
TV Show2008-2009Entourage
0%
Film2021F9: The Fast Saga
0%
TV Show2017-2020Growing Up Hip Hop: Atlanta
0%
TV Film2022Hip Hop Family Christmas Wedding
0%
Film2009Hurricane Season
0%
TV Show2022I Can See Your Voice
0%
TV Film2019In Broad Daylight
0%
Film2004Johnson Family Vacation
0%
TV Show2001Moesha
0%
Film2006Piccolo, Saxo et Compagnie
0%
TV Show2003Punk'd
0%
TV Film2003Saving Jason
0%
Film2013Scary Movie 5
0%
TV Show2006Smallville
0%
Film2011The Family Tree
0%
Film2006The Fast and the Furious: Tokyo Drift
0%
TV Show2020The Masked Singer
0%
TV Show2011, 2012The Secret Life of the American Teenager
0%
TV Show2001The Steve Harvey Show
0%
TV Show2016Tracks
0%
Commercial2001Twix
0%
TV Show2008Ugly Betty
0%
Documentary2011Who Is Shad Moss?
0%

Score Distribution

Percentile by Number Answered

Percent of People with Each Score

Your Score History

You have not taken this quiz since the last reset